| 000 | 00558nam a2200205 a 4500 | ||
|---|---|---|---|
| 005 | 20210219153010.0 | ||
| 008 | 991125n 000 0 u | ||
| 035 | _aUPN01000072356 | ||
| 100 | _aDesai, Uday | ||
| 222 | _aINTERNATIONAL REVIEW OF EDUCATION | ||
| 245 | _aDeterminants of educational performance in India : role of home and family | ||
| 300 | _a245-266 | ||
| 362 | _a37, No. 2, 1991 | ||
| 505 | _aMayo 1992 | ||
| 653 | 0 | _aDESERTORES | |
| 653 | 0 | _aFAMILIA | |
| 653 | 0 | _aINFLUENCIA FAMILIAR | |
| 904 |
_aAC _b010167 |
||
| 905 | _aArticulo | ||
| 999 |
_c65865 _d65865 |
||